| 000 | 00792nam a2200217 a 4500 | ||
|---|---|---|---|
| 005 | 20230624063908.0 | ||
| 008 | 020821s1995 mx r 000 0 spa d | ||
| 020 | _a8433106872 | ||
| 035 | _aUPN01000118424 | ||
| 049 | _aI | ||
| 050 | 4 |
_aLB1025.3 _bM4.5 |
|
| 245 | 0 | 0 |
_aMemoria-2 : _bActividades para el desarrollo de la memoria visual y auditiva : ámbito óptimo de aplicación : 2° y 3er. ciclos de educación primaria / _cEquipo Técnico Editorial; coord. Antonio Vallés Arándigo. |
| 260 |
_aMadrid : _bEscuela Española, _c1995. |
||
| 300 |
_a159 p. : _bil. |
||
| 650 | 4 |
_aMEMORIZACION _921706 |
|
| 650 | 4 |
_aProceso enseñanza-aprendizaje _942 |
|
| 740 | 0 | _aActividades para el desarrollo de la meoria visual y auditiva. | |
| 901 | _a196688 | ||
| 902 | _aMCM | ||
| 905 | _aInfantil | ||
| 999 |
_c90799 _d90799 |
||